[Event "HZ Open"]
[Site "Vlissingen NED"]
[Date "2004.08.08"]
[Round "3"]
[White "Kasimdzhanov,R"]
[Black "Koch,HJ"]
[Result "1-0"]
[WhiteElo "2640"]
[BlackElo "2219"]

1.e4 c5 2.Nf3 d6 3.Bb5+ Nd7 4.d4 a6 5.Bxd7+ Bxd7 6.dxc5 dxc5 7.Nc3 e6 8.O-O Qc7
9.Qe2 Ne7 10.Rd1 Ng6 11.a4 Be7 12.Bg5 Bc6 13.Bxe7 Qxe7 14.a5 O-O 15.Qe3 Rfd8
16.h3 f6 17.Nd2 Rac8 18.Nc4 Bb5 19.Nb6 Rxd1+ 20.Rxd1 Rc7 21.Nxb5 axb5 22.f4 c4
23.c3 Kf7 24.e5 b4 25.Rd6 bxc3 26.bxc3 Qe8 27.exf6 gxf6 28.f5 exf5 29.Rxf6+  1-0

[Event "RUS-CHN"]
[Site "Moscow CHN"]
[Date "2004.08.10"]
[Round "1"]
[White "Xu Yuhua"]
[Black "Pogonina,N"]
[Result "1/2-1/2"]
[WhiteElo "2472"]
[BlackElo "2402"]

1.e4 c5 2.Nf3 d6 3.Bb5+ Bd7 4.Bxd7+ Qxd7 5.c4 Nf6 6.Nc3 g6 7.d4 cxd4 8.Nxd4 Bg7
9.f3 O-O 10.O-O Rc8 11.b3 d5 12.exd5 Nxd5 13.Nxd5 e6 14.Bh6 exd5 15.Bxg7 Kxg7
16.Nb5 dxc4 17.Qxd7 Nxd7 18.Nd6 Rc6 19.Nxc4 b5 20.Rfd1 bxc4 21.Rxd7 cxb3
22.axb3 Rb6 23.Raxa7  1/2-1/2

[Event "ch-GBR"]
[Site "Scarborough ENG"]
[Date "2004.08.10"]
[Round "8"]
[White "Briscoe,C"]
[Black "Sowray,P"]
[Result "0-1"]
[WhiteElo "2157"]
[BlackElo "2349"]

1.e4 c5 2.Nf3 d6 3.Bb5+ Bd7 4.Bxd7+ Qxd7 5.O-O Nc6 6.c3 Nf6 7.Re1 e6 8.d4 d5
9.exd5 Qxd5 10.Qa4 Qd7 11.Na3 cxd4 12.Nc4 Rd8 13.Bg5 Be7 14.Rad1 O-O 15.Nxd4 Nxd4
16.Qxd7 Rxd7 17.Rxd4 Rxd4 18.cxd4 Rc8 19.Rc1 h6 20.Na5 Rd8 21.Be3 Nd5 22.Kf1 Rb8
23.Ke2 Bd6 24.g3 Kf8 25.Nc4 Ke7 26.Kf3 Bc7 27.Bd2 Rd8 28.Ne3 Bb6 29.Nxd5+ Rxd5
30.Be3 Kd7 31.Rc4 a6 32.Ke4 f5+ 33.Kd3 g5 34.f4 Bd8 35.Rc5 Rd6 36.Rc2 Bf6
37.Rc4 g4 38.Rc5 h5 39.Rc2 Kd8 40.b3 Rd7 41.h4 gxh3 42.Rh2 Rh7 43.Rxh3 Kd7
44.Rh1 Kd6 45.Bf2 Rh8 46.a4 Bd8 47.Be1 Kd5 48.Rh2 Bb6 49.Bc3 Bc7 50.Bd2 Bd6
51.Rh1 b6 52.Rh2 a5 53.Rh1 Rg8 54.Be1 Bb4 55.Bxb4 Rxg3+ 56.Kc2 axb4 57.Rxh5 Kxd4
58.Rh6 Rg2+ 59.Kd1 Kd5 60.Rh8 Ke4 61.Re8 Kd3 62.Rd8+ Kc3 63.Rd6 Kxb3 64.Rxb6 Kxa4
65.Ra6+ Kb3 66.Ke1 Rg4 67.Rxe6 Rxf4 68.Kd2 Kb2 69.Rf6 Rd4+ 70.Ke3 Rd5 71.Rh6 b3  0-1

[Event "ch-GBR"]
[Site "Scarborough ENG"]
[Date "2004.08.11"]
[Round "9"]
[White "Gormally,D"]
[Black "Muir,A"]
[Result "1-0"]
[WhiteElo "2479"]
[BlackElo "2328"]

1.e4 c5 2.Nf3 d6 3.Bb5+ Bd7 4.Bxd7+ Qxd7 5.c4 Nf6 6.Nc3 Nc6 7.O-O Ne5 8.d3 Nxf3+
9.Qxf3 g6 10.Qe2 Bg7 11.f4 O-O 12.h3 Ne8 13.f5 Nc7 14.Qg4 Bd4+ 15.Kh1 e6
16.Bh6 Bg7 17.Bxg7 Kxg7 18.f6+ Kh8 19.Rf4 Rg8 20.Qg5 Ne8 21.Rh4 Rf8 22.Rf1 h5
23.Rxh5+ gxh5 24.Qxh5+ Kg8 25.Qg5+ Kh7 26.Rf4  1-0

[Event "RUS-CHN"]
[Site "Moscow CHN"]
[Date "2004.08.12"]
[Round "3"]
[White "Zvjaginsev,V"]
[Black "Xu Jun"]
[Result "1-0"]
[WhiteElo "2650"]
[BlackElo "2617"]

1.e4 c5 2.Nf3 d6 3.Bb5+ Nc6 4.O-O Bd7 5.Re1 Nf6 6.c3 a6 7.Bf1 Bg4 8.d3 e6
9.Nbd2 Be7 10.h3 Bh5 11.g4 Bg6 12.Nh4 Nd7 13.Nxg6 hxg6 14.f4 e5 15.f5 Bg5
16.Nc4 Bxc1 17.Rxc1 Nb6 18.Ne3 gxf5 19.exf5 d5 20.Bg2 Kf8 21.Qf3 f6 22.Red1 d4
23.Nf1 dxc3 24.bxc3 Qc7 25.Qf2 Ne7 26.d4 Rd8 27.dxe5 Rxd1 28.Rxd1 fxe5 29.Ng3 Rh6
30.Ne4 Ned5 31.g5  1-0

[Event "RUS-CHN"]
[Site "Moscow CHN"]
[Date "2004.08.12"]
[Round "3"]
[White "Andreikin,D"]
[Black "Zhou Jianchao"]
[Result "0-1"]
[WhiteElo "2449"]
[BlackElo "2385"]

1.e4 c5 2.Nf3 d6 3.Bb5+ Bd7 4.Bxd7+ Qxd7 5.O-O Nc6 6.c3 Nf6 7.Qe2 e6 8.d4 cxd4
9.cxd4 d5 10.e5 Ne4 11.Be3 Be7 12.Ne1 f6 13.f3 Ng5 14.Nd3 O-O 15.Nd2 fxe5
16.dxe5 Nf7 17.f4 Nh6 18.g4 d4 19.Bf2 Nb4 20.g5 Nf5 21.Nxb4 Bxb4 22.Nb3 Rac8
23.Rad1 Bc5 24.Rd3 Bb6 25.Rfd1 Rc4 26.Qh5 Qc7 27.Qh3 Qc6 28.g6 hxg6 29.Nd2 Rc1
30.Nf3 Qc2 31.Qf1 Rxd1 32.Qxd1 Qxd1+ 33.Rxd1 Ne3 34.Rxd4 Ng4 35.Bg3 Nxe5
36.fxe5 Rxf3 37.Kg2 Rxg3+  0-1

[Event "HZ Open"]
[Site "Vlissingen NED"]
[Date "2004.08.13"]
[Round "8"]
[White "Iordachescu,V"]
[Black "Koster,R"]
[Result "1-0"]
[WhiteElo "2633"]
[BlackElo "2279"]

1.e4 c5 2.Nf3 d6 3.Bb5+ Bd7 4.Bxd7+ Qxd7 5.O-O Nc6 6.c3 e6 7.d4 Nf6 8.d5 Ne5
9.Nxe5 dxe5 10.Re1 exd5 11.exd5 Qxd5 12.Qxd5 Nxd5 13.Rxe5+ Ne7 14.Rxc5 Rd8
15.Nd2 Nc6 16.Rc4 f5 17.g3 Be7 18.Kg2 g5 19.Nb3 h5 20.Be3 h4 21.gxh4 f4 22.Bc5 Rxh4
23.Re4 Kf7 24.Bxe7 Nxe7 25.Nd4 Ng6 26.h3 f3+ 27.Nxf3 Rh5 28.Ne5+ Nxe5 29.Rxe5 Rd3
30.Re3 Rd2 31.Rf3+ Kg6 32.b3 Rh7 33.a4 Re7 34.a5 a6 35.Ra4 Rb2 36.Rb4  1-0

[Event "RUS-CHN"]
[Site "Moscow CHN"]
[Date "2004.08.14"]
[Round "4"]
[White "Zvjaginsev,V"]
[Black "Bu Xiangzhi"]
[Result "1/2-1/2"]
[WhiteElo "2650"]
[BlackElo "2620"]

1.e4 c5 2.Nf3 d6 3.Bb5+ Nd7 4.d4 a6 5.Bxd7+ Bxd7 6.Nc3 e6 7.dxc5 dxc5 8.Ne5 Ne7
9.Qh5 Ng6 10.Nxg6 fxg6 11.Qe5 Qf6 12.Bf4 Be7  1/2-1/2

[Event "14th Open"]
[Site "Abu Dhabi UAE"]
[Date "2004.08.15"]
[Round "2"]
[White "Kayumov,S"]
[Black "Timofeev,Arty"]
[Result "1/2-1/2"]
[WhiteElo "2404"]
[BlackElo "2611"]

1.e4 c5 2.Nf3 d6 3.Bb5+ Nd7 4.d4 cxd4 5.Qxd4 Nf6 6.Nc3 e5 7.Qd3 h6 8.Be3 a6
9.Bc4 b5 10.Bd5 Rb8 11.a4 Qa5 12.b4 Qxb4 13.O-O Nc5 14.Bc6+ Bd7 15.Bxc5 Qxc5
16.Bxd7+ Nxd7 17.axb5 axb5 18.Nd5 Be7 19.Rfb1 Nf6 20.Nxf6+ Bxf6 21.Ra5 O-O
22.Raxb5 Rxb5 23.Rxb5 Qc6 24.g3 Rc8 25.Rb2 Bd8 26.Kg2 Bb6 27.Qa6 Bc5 28.Qxc6 Rxc6
29.Rb8+ Kh7 30.Rb7 Kg6 31.Nh4+ Kf6 32.Nf5 Ra6 33.Ne7 Ra2 34.Nd5+ Kg6 35.Ne7+ Kf6
36.Nd5+ Kg6 37.Ne7+ Kh7 38.Nf5 Rxc2 39.Rxf7 Rxf2+ 40.Kh3 Kh8 41.Nxd6 Kg8
42.Rxf2 Bxf2 43.Kg4 g6 44.Kf3 Bc5 45.Nc4 Bd4 46.Ke2 Kf7 47.Nd2 Ke6 48.Kd3 h5
49.Nf3 Bf2 50.Kc4 Be3 51.h3 Bf2 52.g4 hxg4 53.hxg4 Kd6 54.Kb5 Bg3 55.Kb6 Bf2+
56.Kb5 Bg3 57.Kb4 Bf2 58.Kc4 Bg3 59.Kb5  1/2-1/2

[Event "14th Open"]
[Site "Abu Dhabi UAE"]
[Date "2004.08.16"]
[Round "3"]
[White "Hamdouchi,H"]
[Black "Tissir,M"]
[Result "1/2-1/2"]
[WhiteElo "2556"]
[BlackElo "2416"]

1.e4 c5 2.Nf3 d6 3.Bb5+ Nd7 4.O-O Nf6 5.Re1 a6 6.Bf1 b6 7.d3 Bb7 8.Nbd2 g6
9.c3 Bg7 10.d4 cxd4 11.cxd4 O-O 12.a4 e5 13.d5 a5 14.Nb1 Nc5 15.Nc3 Ne8 16.Be3 h6
17.Nd2 f5 18.f3 Nf6 19.Rb1 fxe4 20.Ndxe4 Kh8 21.Nxf6 Rxf6 22.b4 axb4 23.Rxb4 Bc8
24.Ne4 Rf7 25.Bb5 Bf5 26.Bc6 Raa7 27.Qd2 Bxe4 28.fxe4 Kh7 29.Qe2 Qh4 30.Rf1 h5
31.Be8 Rf8 32.Rxf8 Bxf8 33.g3 Qd8 34.Qb5 Re7 35.Bc6 Rf7 36.Rb1 Nxe4 37.Qxb6 Qc8
38.Qb8 Qg4 39.Qe8 Rf3 40.Rb7+ Kh8 41.Qc8 Kg8 42.Kg2 h4  1/2-1/2

[Event "Knjaz Milos Jezero Open"]
[Site "Belgrade SCG"]
[Date "2004.08.17"]
[Round "1"]
[White "Boskovic,D"]
[Black "Lovric,R"]
[Result "1-0"]
[WhiteElo "2410"]
[BlackElo "2090"]

1.e4 c5 2.Nf3 d6 3.Bb5+ Nc6 4.O-O Bd7 5.c3 a6 6.Ba4 Nf6 7.Re1 b5 8.Bc2 Bg4
9.h3 Bxf3 10.Qxf3 g6 11.a4 Nd7 12.Qe2 b4 13.d3 Bg7 14.Be3 O-O 15.Qd2 Qb6
16.Bd1 Rab8 17.c4 e5 18.Bf3 Nd4 19.Qd1 Rbe8 20.Nd2 f5 21.Bxd4 cxd4 22.a5 Qc7
23.g3 Bh6 24.Nb3 Nf6 25.Re2 fxe4 26.Bxe4 Nxe4 27.Rxe4 Qf7 28.Qe2 Re6 29.Rf1 Rf6
30.Nxd4 exd4 31.Re7 Qxe7 32.Qxe7 Be3 33.Qxf8+ Rxf8 34.fxe3 Re8 35.exd4 Re3
36.Rf6 Rxg3+ 37.Kf2 Rxd3 38.Rxd6 Rxh3 39.Rxa6 Rh2+ 40.Ke3 Rh3+ 41.Ke2 Rh4
42.Ke3 g5 43.Ra8+ Kf7 44.a6 Rh6 45.a7  1-0

[Event "Knjaz Milos Jezero Open"]
[Site "Belgrade SCG"]
[Date "2004.08.19"]
[Round "3"]
[White "Nestorovic,DN"]
[Black "Zivkovic,S"]
[Result "1/2-1/2"]
[WhiteElo "2166"]
[BlackElo "2311"]

1.e4 c5 2.Nf3 d6 3.Bb5+ Bd7 4.Bxd7+ Qxd7 5.O-O Nc6 6.c3 Nf6 7.d4 d5 8.exd5 Qxd5
9.dxc5 e6 10.b4 Qxd1 11.Rxd1 a5 12.Nd4 Rd8 13.a3 Be7 14.Rd2 O-O 15.f3 Nd5
16.Nxc6 bxc6 17.c4 Nc7 18.Raa2 Na6 19.bxa5 Nxc5 20.Rxd8 Rxd8 21.Rd2 Ra8 22.Bb2 Rxa5
23.Bc3 Ra8 24.Bb4 Kf8 25.Kf2 Ke8 26.Nc3 Nd7 27.Ne4 c5 28.Bc3 f6 29.Bb2 Nb6
30.Rc2 Na4 31.Bc1 Rb8 32.Nd2 f5 33.f4 Bf6 34.Nf3 Rb3 35.g3 Nb6 36.Be3 Na4
37.Bc1 h6 38.Nd2 Bd4+ 39.Kf1 Rb7 40.Nf3 Bf6 41.Kf2 Nc3 42.Nd2 g5 43.Kf3 g4+
44.Kf2 Bd4+ 45.Ke1 Na4 46.Ke2 h5 47.Kd3 Bg1 48.Nf1 Rb3+ 49.Kd2 Bd4 50.Ke1 Kd7
51.Ke2 Kc6 52.Nd2 Re3+ 53.Kf1 h4 54.gxh4 Rh3 55.Kg2 Rxh4 56.Nf1 Rh7 57.Ng3 Rb7
58.h3 gxh3+ 59.Kxh3 Rb3 60.Kg2 Rc3 61.Rxc3 Bxc3 62.Nf1 Nb6 63.Ne3 Bd4 64.Kf3 Bxe3
65.Kxe3 Nxc4+ 66.Kd3 Kb5 67.Kc3 Nb6 68.Kd3  1/2-1/2

[Event "ch-ESP Cerrado"]
[Site "Seville ESP"]
[Date "2004.08.20"]
[Round "3"]
[White "Garcia Luque,A"]
[Black "Arizmendi Martinez,J"]
[Result "1/2-1/2"]
[WhiteElo "2406"]
[BlackElo "2534"]

1.e4 c5 2.Nf3 d6 3.Bb5+ Bd7 4.a4 Nc6 5.O-O Nf6 6.Re1 Rc8 7.h3 e6 8.b3 Be7
9.Bb2 O-O 10.Na3 d5 11.e5 Ne8 12.Bxc6 Bxc6 13.Nh2 a6 14.Qg4 b5 15.axb5 axb5
16.c3 d4 17.cxd4 Qd5 18.Qf3 Nc7 19.Nc2 Qxf3 20.Nxf3 Bxf3 21.gxf3 Nd5 22.Re4 cxd4
23.Nxd4 b4 24.f4 g6 25.Kg2 Ra8 26.Kf3 Rxa1 27.Bxa1 Ra8 28.Nc2 Ra2 29.Rc4 h5
30.Bd4 Kh7 31.d3 Bf8 32.Ne3 Rd2 33.Ke4 Rxf2 34.Nxd5 exd5+ 35.Kxd5 Rxf4 36.Bc5 Rxc4
37.dxc4 Bxc5 38.Kxc5 Kg7 39.e6 fxe6 40.Kd6 g5 41.c5 g4 42.hxg4 hxg4 43.c6 g3
44.c7 g2 45.c8=Q g1=Q 46.Qd7+ Kh8 47.Qd8+ Kg7 48.Qe7+ Kh8 49.Qh4+ Kg7 50.Qxb4 Qe3
51.Qg4+ Kf6 52.Qh4+ Kg6 53.b4 Qb6+ 54.Ke5 Qb5+ 55.Kxe6 Qb6+ 56.Ke5 Qb5+ 57.Kd6 Qb6+
58.Kd7 Qb7+ 59.Kd6 Qb6+  1/2-1/2

[Event "Open"]
[Site "Vladimir RUS"]
[Date "2004.08.20"]
[Round "3"]
[White "Schepetkova,M"]
[Black "Bragin,A1"]
[Result "1-0"]
[WhiteElo "2112"]
[BlackElo "2396"]

1.e4 c5 2.Nf3 d6 3.Bb5+ Bd7 4.Bxd7+ Qxd7 5.O-O Nc6 6.c4 g6 7.d4 cxd4 8.Nxd4 Bg7
9.Be3 Nf6 10.f3 O-O 11.Nc3 Qd8 12.Qd2 Qa5 13.b3 a6 14.a4 Nd7 15.Rab1 Rfc8
16.Rfd1 Rab8 17.Kh1 Nf6 18.Nde2 h5 19.Bg5 Nh7 20.Bh4 Kf8 21.Qe3 Qc5 22.Qd2 Nf6
23.Bg5 Kg8 24.h3 Re8 25.Be3 Qa5 26.Qe1 Ne5 27.Qf2 Ned7 28.Qe1 Rbc8 29.Qd2 Ne5
30.Qc1 Qc7 31.Nf4 e6 32.Qd2 Bf8 33.Qf2 Ned7 34.g4 hxg4 35.hxg4 Ne5 36.Kg2 Bg7
37.Rh1 Qc6 38.Qh4 Nexg4 39.fxg4 Nxe4 40.Nxe4 Qxe4+ 41.Kf2 b5 42.axb5 axb5
43.Ne2 bxc4 44.bxc4 Rxc4 45.Qh7+ Kf8 46.Bh6 Bxh6 47.Qxh6+ Ke7 48.Qg5+ Kd7
49.Ra1 Rc2 50.Qb5+ Ke7 51.Ra7+ Kf6 52.g5+  1-0

[Event "Open"]
[Site "Vladimir RUS"]
[Date "2004.08.20"]
[Round "3"]
[White "Turkin,V"]
[Black "Khismatullin,D"]
[Result "0-1"]
[WhiteElo "2365"]
[BlackElo "2556"]

1.e4 c5 2.Nf3 d6 3.Bb5+ Nd7 4.d4 Nf6 5.Nc3 a6 6.Bxd7+ Nxd7 7.Be3 e6 8.dxc5 Nxc5
9.Bxc5 dxc5 10.Qxd8+ Kxd8 11.Ne5 Ke8 12.a4 Bd6 13.Nc4 Bc7 14.e5 Bd7 15.Ne4 Bc6
16.Ncd6+ Ke7 17.O-O Bxe4 18.Nxe4 Bxe5 19.Nxc5 Rac8 20.Nd3 Bb8 21.c3 Rhd8
22.Rfd1 Rc4 23.Kf1 Rd5 24.g3 Ra5 25.b4 Rf5 26.Nc5 Ba7 27.Rd7+ Kf6 28.Rxb7 Bxc5
29.bxc5 Rxc3 30.Ra2 Rcxc5 31.Ra7 a5 32.Rb2 Rc4 33.Ra2 g5 34.h3 h5 35.Kg2 Kg6
36.Ra8 Re5 37.Ra7 g4 38.h4 Rc1 39.f3 gxf3+ 40.Kxf3 Rc3+ 41.Kg2 Ree3 42.Rxa5 Rxg3+
43.Kf2 Rh3 44.Rg5+ Kf6 45.a5 Rxh4 46.Rg2 Rhc4 47.a6 Rc8 48.a7 Ra8 49.Rg1 Rc7
50.Rga1 Kg5 51.Ke3 f5 52.Ra6 Re7 53.Rg1+ Kf6 54.Rga1 h4 55.Kf4 h3 56.Kg3 h2
57.Kxh2 Rg7 58.R1a3 f4 59.Rh3 Rgxa7 60.Rh6+ Kg5 61.Rxa7 Rxa7 62.Rxe6 Kg4
63.Rg6+ Kf3 64.Rg2 Re7 65.Rg8 Kf2 66.Rg2+ Kf3 67.Rg8 Re2+ 68.Kh1 Re1+ 69.Kh2 Kf2
70.Rg2+ Ke3 71.Rg8 f3 72.Re8+ Kf2 73.Ra8 Kf1  0-1

[Event "Open"]
[Site "Vladimir RUS"]
[Date "2004.08.21"]
[Round "4"]
[White "Molkova,O"]
[Black "Yemelin,A"]
[Result "1/2-1/2"]
[WhiteElo "2131"]
[BlackElo "2244"]

1.e4 c5 2.Nf3 d6 3.Bb5+ Bd7 4.Bxd7+ Qxd7 5.c4 Nf6 6.Nc3 g6 7.d4 cxd4 8.Nxd4 Bg7
9.Nde2 O-O 10.O-O Rc8 11.Qd3 Na6 12.Nf4 Ng4 13.Qh3 Ne5 14.Qh4 e6 15.Nh3 Rxc4
16.Ng5 h6 17.Nh3 h5 18.Qg3 Nc5 19.f3 d5 20.exd5 exd5 21.Nf4 d4 22.Ncd5 Ncd3
23.b3 Rc5 24.Ba3 h4 25.Qxh4 Rxd5 26.Nxd5 Qxd5 27.Rad1 Qa5 28.Bd6 Qb6 29.Ba3 Qa6  1/2-1/2

[Event "Open"]
[Site "Vladimir RUS"]
[Date "2004.08.22"]
[Round "5"]
[White "Dvalishvili,P"]
[Black "Khismatullin,D"]
[Result "1/2-1/2"]
[WhiteElo "2477"]
[BlackElo "2556"]

1.e4 c5 2.Nf3 d6 3.Bb5+ Nd7 4.c3 Nf6 5.Qe2 a6 6.Ba4 c4 7.O-O e5 8.Bc2 b5
9.b3 cxb3 10.axb3 Be7 11.c4 b4 12.d4 O-O 13.Bb2 Qc7 14.Nbd2 Re8 15.Rfc1 Bb7
16.c5 exd4 17.cxd6 Bxd6 18.Bd3 Qb8 19.Bxd4 a5 20.Re1 Ng4 21.h3 Nge5 22.Nc4 Nxc4
23.Bxc4 Ne5 24.Nxe5 Bxe5 25.Qb2 Re7  1/2-1/2

[Event "Open"]
[Site "Vladimir RUS"]
[Date "2004.08.23"]
[Round "6"]
[White "Glek,I"]
[Black "Voitsekhovsky,S"]
[Result "1-0"]
[WhiteElo "2578"]
[BlackElo "2492"]

1.e4 c5 2.Nf3 d6 3.Bb5+ Bd7 4.Bxd7+ Qxd7 5.O-O Nc6 6.c3 Nf6 7.Qe2 e6 8.d3 Be7
9.Ng5 h6 10.Nh3 O-O-O 11.f4 d5 12.e5 Ne8 13.Nd2 Nc7 14.Nf3 f5 15.exf6 gxf6
16.d4 cxd4 17.cxd4 Bd6 18.Nf2 Rdg8 19.Nd3 h5 20.Be3 Rg4 21.Rac1 Rhg8 22.Rf2 Ne7
23.Nfe5 fxe5 24.dxe5 Bb4 25.Nxb4 d4 26.Bd2 Kb8 27.Nd3 Nf5 28.Nc5 Qd5 29.Qe4 Qxe4
30.Nxe4 Nd5 31.h3 R4g6 32.Ng5 h4 33.Nf3 Rh6 34.Rc4 Nb6 35.Rc5 Nd5 36.Ng5 Nfe3
37.Bxe3 dxe3 38.Rf3 b6 39.Rxd5 exd5 40.Rxe3 Rf8 41.e6 Kb7 42.f5 Kc6 43.Nf7 d4
44.e7 Re8 45.Nxh6 dxe3 46.f6  1-0

[Event "Knjaz Milos Jezero Open"]
[Site "Belgrade SCG"]
[Date "2004.08.24"]
[Round "8"]
[White "Andrijasevic,M"]
[Black "Pavlovic,Des"]
[Result "1-0"]
[WhiteElo "2143"]
[BlackElo "2053"]

1.e4 c5 2.Nf3 d6 3.Bb5+ Bd7 4.Bxd7+ Nxd7 5.O-O Ngf6 6.Re1 g6 7.c3 Bg7 8.d4 e5
9.Na3 O-O 10.Nc4 Qc7 11.dxe5 dxe5 12.Qd6 Qxd6 13.Nxd6 Rab8 14.a4 h6 15.h3 Rfd8
16.Nc4 Re8 17.g4 b6 18.g5 hxg5 19.Bxg5 Nh5 20.Rad1 Nf8 21.Bh4 f6 22.Rd6 g5
23.Bg3 Nxg3 24.fxg3 Rbd8 25.Red1 Rxd6 26.Rxd6 Re7 27.Nh2 Rd7 28.Ng4 Kf7 29.Rc6 Ke7
30.Nge3 Kf7 31.Nd5 Ng6 32.Nd6+ Kg8 33.Ne8 Kf7 34.Nexf6 Bxf6 35.Rxf6+ Kg7
36.Rc6 Ne7 37.Rc7 Rxc7 38.Nxc7 Nc6 39.Nd5 Na5 40.Ne3 Nb3 41.Nc4 Kf6 42.Kf2 Na5
43.Nxa5 bxa5 44.Kf3 c4 45.Kg4 Kg6 46.h4 gxh4 47.gxh4  1-0

[Event "Open"]
[Site "Vladimir RUS"]
[Date "2004.08.24"]
[Round "7"]
[White "Schepetkova,M"]
[Black "Sergeev,Ve"]
[Result "0-1"]
[WhiteElo "2112"]
[BlackElo "2407"]

1.e4 c5 2.Nf3 d6 3.Bb5+ Nc6 4.O-O Bd7 5.c3 a6 6.Ba4 Nf6 7.Re1 b5 8.Bc2 Bg4
9.d3 g6 10.Nbd2 Bg7 11.h3 Bd7 12.Nf1 O-O 13.Bg5 b4 14.Qd2 bxc3 15.bxc3 Qa5
16.Bb3 Be6 17.Ne3 Nxe4 18.dxe4 Bxc3 19.Qc2 Nd4 20.Qd1 Nxf3+ 21.gxf3 c4 22.Bxc4 Qxg5+
23.Kh1 Qh4 24.Bxe6 fxe6 25.Kg2 Qg5+ 26.Kh1 Bxa1 27.Qxa1 Rxf3  0-1

[Event "ch-CAN"]
[Site "Toronto CAN"]
[Date "2004.08.25"]
[Round "6"]
[White "Smith,H"]
[Black "Saint Amand,P"]
[Result "0-1"]
[WhiteElo "2043"]
[BlackElo "2125"]

1.e4 c5 2.Nf3 d6 3.Bb5+ Bd7 4.Bxd7+ Nxd7 5.d4 cxd4 6.Qxd4 Ngf6 7.Nc3 e6 8.Bg5 Be7
9.O-O a6 10.Rfe1 O-O 11.Rad1 Qc7 12.Bh4 Rfd8 13.Bg3 Nb6 14.Na4 Nxa4 15.Qxa4 b5
16.Qb3 Rac8 17.c3 Nh5 18.Bh4 Nf6 19.Rd3 Qb7 20.Nd2 Nd7 21.Rh3 Bxh4 22.Rxh4 Ne5
23.Rh3 d5 24.Qc2 d4 25.Nb1 b4 26.Qb3 dxc3 27.bxc3 Nd3 28.Ree3 Nf4 29.Rhf3 Ng6
30.h3 a5 31.Re1 Ne5 32.Rfe3 Nd3 33.Rd1 Nc5 34.Rxd8+ Rxd8 35.Qc2 b3 36.axb3 Qxb3
37.Qxb3 Nxb3 38.Re1 Kf8 39.Kf1 Ke7 40.Ke2 Nc5 41.f3 Nd3 42.Rg1 e5 43.g3 Nc5
44.Nd2 f6 45.Rb1 Na4 46.Rb3 Rd7 47.Ra3 Nc5 48.Nb3 Nxb3 49.Rxb3 Kd6 50.Ra3 Ra7
51.Kd3 Kc5 52.Ra4 Kb5 53.Ra3 Rd7+ 54.Ke3 a4 55.h4 Rd1 56.Ke2 Rb1 57.Kd3 Rb3
58.Ra2 a3 59.f4 Ka4 60.Kc2 Rb7 61.f5 g6 62.g4 gxf5 63.gxf5 Rg7 64.c4 Rg2+
65.Kb1 Rxa2 66.Kxa2 Kb4 67.h5 Kxc4 68.Kxa3 Kd4 69.Kb3 Kxe4 70.Kc3 Kxf5 71.Kd3 Kg5
72.Ke4 h6 73.Kf3 f5 74.Ke3 Kxh5 75.Kf3 Kh4 76.Ke3 Kg3  0-1

[Event "ch-CAN"]
[Site "Toronto CAN"]
[Date "2004.08.25"]
[Round "6"]
[White "Tyomkin,D"]
[Black "MacPhail,J"]
[Result "1/2-1/2"]
[WhiteElo "2498"]
[BlackElo "2339"]

1.e4 c5 2.Nf3 d6 3.Bb5+ Bd7 4.Bxd7+ Qxd7 5.O-O Nc6 6.c3 Nf6 7.d4 Nxe4 8.d5 Ne5
9.Re1 Nxf3+ 10.Qxf3 Nf6 11.Na3 e5 12.dxe6 fxe6 13.Bg5 Be7 14.Rad1 O-O 15.Qh3 Rad8
16.Qxe6+ Qxe6 17.Rxe6 Kf7 18.Rde1 Rd7 19.Nb5 Rfd8 20.Nxa7 h6 21.Bh4 Ra8 22.Nb5 Rxa2
23.Bxf6 gxf6 24.R6e2 d5 25.g3 Ra5 26.Na3 c4 27.Nc2 Bc5 28.Rd1 Rb5 29.Ne3 Bxe3
30.fxe3 Re7 31.Kf2 Re5 32.Rd4 Re4 33.Rd1 Ra5 34.Kf3 Ke6 35.Red2 h5 36.Re2 Ra8
37.Rd4 Rxd4 38.exd4+ Kf7 39.Kf4 Ra1 40.Rf2 Kg6 41.g4 h4 42.g5 Re1 43.gxf6 Re4+
44.Kf3 Kxf6 45.Rg2 Kf5 46.Rg7 Rf4+ 47.Ke3 Re4+ 48.Kf3 Rf4+ 49.Ke3 Re4+ 50.Kf3  1/2-1/2

[Event "35th Atlantic Open"]
[Site "Washington DC USA"]
[Date "2004.08.28"]
[Round "4"]
[White "Kaufman,La"]
[Black "Reichstein,B"]
[Result "1/2-1/2"]
[WhiteElo "2364"]
[BlackElo "2206"]

1.e4 c5 2.Nf3 d6 3.Bb5+ Nc6 4.O-O Bd7 5.Re1 e5 6.c3 a6 7.Bf1 Be7 8.d4 cxd4
9.cxd4 Bg4 10.d5 Nd4 11.Be3 Nxf3+ 12.gxf3 Bh5 13.Bh3 Bg5 14.Nd2 Bxe3 15.Rxe3 Ne7
16.Qb3 O-O 17.Qxb7 Ng6 18.Qd7  1/2-1/2

[Event "1st Autumn"]
[Site "Alushta UKR"]
[Date "2004.08.29"]
[Round "2"]
[White "Ovetchkin,R"]
[Black "Paragua,M"]
[Result "0-1"]
[WhiteElo "2475"]
[BlackElo "2529"]

1.e4 c5 2.Nf3 d6 3.Bb5+ Nd7 4.d4 Nf6 5.O-O cxd4 6.Qxd4 a6 7.Bxd7+ Bxd7 8.Bg5 h6
9.Bxf6 gxf6 10.c4 e6 11.Nc3 Rc8 12.a4 h5 13.b4 h4 14.h3 Rh5 15.Rfe1 Be7 16.Re3 Qc7
17.Nd2 Kf8 18.Rb1 Kg8 19.Qd3 Kh8 20.Qe2 Rh7 21.Kh1 Rg8 22.f4 Bf8 23.f5 Bh6
24.Rf3 Bg5 25.Qf2 Rhg7 26.Rd1 Kh7 27.Rd3 Bh6 28.b5 Rxg2 29.Qxg2 Rxg2 30.Kxg2 Bxd2
31.R1xd2 Qxc4 32.fxe6 Bxe6 33.Rf3 axb5 34.axb5 Qc5 35.Rdf2 Qe5 36.Kg1 b6
37.Rg2 f5 38.Nd5 Kh6 39.Rf4 Kh5 40.Rgf2 fxe4 41.Nf6+ Kh6 42.Rxh4+ Kg7 43.Rxe4 Qxb5
44.Re3 Kf8 45.h4 Qc4 46.Rg3 d5 47.h5 Qh4 48.Rg8+ Ke7 49.Rh8 d4 50.Rg8 b5
51.Rgg2 Bh3 52.Rg8 Kd6 53.Rf3 Qe1+ 54.Kh2 Be6 55.Rgg3 b4 56.Rg1 Qh4+ 57.Kg2 b3
58.Rh1 Qg5+ 59.Kf2 Bf5 60.Rxb3 d3 61.Rb6+ Kc5 62.Rhb1 Qf4+ 63.Kg2 Be6 64.R1b5+ Kd4
65.Rb4+ Bc4 66.Rb1 d2 67.h6 Qg5+ 68.Kf3 Be6 69.R1b4+ Kd3 70.Rd6+ Bd5+ 71.Rxd5+ Qxd5+
72.Nxd5 d1=Q+ 73.Kf4 Qh5 74.Rb5 Qxh6+ 75.Ke5 Qe6+ 76.Kf4 Qd6+ 77.Kf3 Qc6
78.Ra5 Kd4 79.Kf4 Qc1+ 80.Kf5 Qe1  0-1

[Event "1st Autumn"]
[Site "Alushta UKR"]
[Date "2004.09.02"]
[Round "8"]
[White "Neelotpal,D"]
[Black "Paragua,M"]
[Result "1-0"]
[WhiteElo "2448"]
[BlackElo "2529"]

1.e4 c5 2.Nf3 d6 3.Bb5+ Nd7 4.d4 Nf6 5.Nc3 a6 6.Bxd7+ Nxd7 7.O-O cxd4 8.Qxd4 e6
9.Bg5 f6 10.Be3 Qc7 11.a4 Be7 12.a5 O-O 13.Qd3 Ne5 14.Nxe5 dxe5 15.Bb6 Qc6
16.Ra4 Rf7 17.Rc4 Qd7 18.Rd1 Bf8 19.Qe2  1-0

[Event "8th WUCC Women"]
[Site "Instanbul TUR"]
[Date "2004.09.06"]
[Round "2"]
[White "Khukhashvili,S"]
[Black "Pogonina,N"]
[Result "1/2-1/2"]
[WhiteElo "2256"]
[BlackElo "2402"]

1.e4 c5 2.Nf3 d6 3.Bb5+ Bd7 4.Bxd7+ Qxd7 5.c4 Nf6 6.Nc3 g6 7.O-O Bg7 8.d4 cxd4
9.Nxd4 O-O 10.f3 Rc8 11.b3 d5 12.exd5 Nxd5 13.Nxd5 e6 14.Bh6 exd5 15.Bxg7 Kxg7
16.Nb5 dxc4 17.Nd6 Rd8 18.Nxc4 Nc6 19.Qc2 Qd3 20.Qxd3 Rxd3 21.Rfe1  1/2-1/2

[Event "1st Kalamaria Open"]
[Site "Thessaloniki GRE"]
[Date "2004.09.07"]
[Round "5"]
[White "Zakarian,D"]
[Black "Zagrebelny,S"]
[Result "1-0"]
[WhiteElo "2328"]
[BlackElo "2499"]

1.e4 c5 2.Nf3 d6 3.Bb5+ Nc6 4.O-O Bd7 5.Re1 Nf6 6.c3 a6 7.Bf1 Bg4 8.d3 Bxf3
9.Qxf3 g6 10.Qh3 Qd7 11.Qh4 Qg4 12.Qxg4 Nxg4 13.h3 Nf6 14.a4 b6 15.Na3 Bg7
16.Nc2 Nd7 17.Ne3 O-O 18.d4 Rfc8 19.b4 cxd4 20.cxd4 e5 21.d5 Nd4 22.Ba3 a5
23.bxa5 bxa5 24.Rac1 Rxc1 25.Rxc1 Nc5 26.Bb5 Nxe4 27.Rc7 Nf5 28.Bd3 Nf6 29.Bc4 h5  1-0

[Event "8th WUCC Women"]
[Site "Instanbul TUR"]
[Date "2004.09.08"]
[Round "5"]
[White "Khukhashvili,S"]
[Black "Motoc,A"]
[Result "1/2-1/2"]
[WhiteElo "2256"]
[BlackElo "2359"]

1.e4 c5 2.Nf3 d6 3.Bb5+ Nc6 4.O-O Bd7 5.Re1 Nf6 6.c3 a6 7.Bf1 Bg4 8.h3 Bxf3
9.Qxf3 g6 10.Na3 Bg7 11.Nc2 e5 12.a4 O-O 13.Bc4 Rb8 14.b4 cxb4 15.cxb4 d5
16.Bxd5 Nxd5 17.exd5 e4 18.Rxe4 Bxa1 19.Nxa1 Qxd5 20.Bb2 f6 21.Nc2 Ne5 22.Qe2 Qd3
23.Rxe5 Qxc2 24.Bc3 Qb3 25.Re6 Qb1+ 26.Kh2 Qf5 27.Qe3 Rbd8 28.Re4 Qd5 29.f4 Qc6
30.Re6 Rd6 31.Re7 Rf7 32.Re8+ Kg7 33.g4 Rd3 34.Qxd3 Qxe8 35.g5 Rd7 36.Qc4 h6
37.Bxf6+ Kh7 38.d4 Qe3 39.Qc8  1/2-1/2

[Event "FSGM September"]
[Site "Budapest HUN"]
[Date "2004.09.09"]
[Round "6"]
[White "Grafl,F"]
[Black "Bromberger,S"]
[Result "1-0"]
[WhiteElo "2411"]
[BlackElo "2440"]

1.e4 c5 2.Nf3 d6 3.Bb5+ Nd7 4.d4 Nf6 5.Nc3 cxd4 6.Qxd4 a6 7.Bxd7+ Nxd7 8.Be3 e6
9.O-O-O Qa5 10.Kb1 Ne5 11.Nxe5 dxe5 12.Qa4+ Qxa4 13.Nxa4 Bd7  1-0

[Event "2nd Chiuso GM"]
[Site "Rome ITA"]
[Date "2004.09.11"]
[Round "1"]
[White "Corvi,M"]
[Black "De Blasio,M"]
[Result "1/2-1/2"]
[WhiteElo "2323"]
[BlackElo "2244"]

1.e4 c5 2.Nf3 d6 3.Bb5+ Bd7 4.Bxd7+ Qxd7 5.O-O Nc6 6.d4 cxd4 7.Nxd4 Nf6 8.Re1 e6
9.c4 Be7 10.Nc3 O-O 11.b3 a6 12.Bb2 Rfd8 13.Rc1 Rab8 14.a4 Na5 15.Re3 g6
16.h3 Bf8 17.Rd3 Qe8 18.Nde2 Nd7 19.Rd4 Nc6 20.Rd2 Nc5 21.Ba3 a5 22.Qc2 Bh6
23.f4 b6 24.Rcd1 Qe7 25.g3 Rb7 26.Nb5 Rbd7 27.Ned4 Nxd4 28.Nxd4 Rc8 29.Re2 e5
30.fxe5 dxe5 31.Nf3 Rcd8 32.Rd5 Rxd5 33.cxd5 Rc8 34.Qd1 Qd7 35.Kh2 f6 36.d6 Qc6
37.Bxc5 bxc5 38.Rc2 Kf7 39.Qd3 Bf8 40.d7 Rd8 41.Rd2 c4 42.bxc4 Bb4 43.Rd1 Ke7
44.g4 g5 45.h4 h6 46.hxg5 hxg5 47.Kg3 Rxd7 48.Qxd7+ Qxd7 49.Rxd7+ Kxd7 50.Kf2 Kc6
51.Ke3 Kc5  1/2-1/2

[Event "TCh-SCG 2nd Liga"]
[Site "Sutomore SCG"]
[Date "2004.09.11"]
[Round "2"]
[White "Krstic,M"]
[Black "Krivokapic,M"]
[Result "0-1"]
[WhiteElo "2276"]
[BlackElo "2329"]

1.e4 c5 2.Nf3 d6 3.Bb5+ Nc6 4.c4 Bd7 5.d4 cxd4 6.Nxd4 Nf6 7.Nc3 e6 8.O-O Be7
9.Kh1 a6 10.Bxc6 bxc6 11.e5 dxe5 12.Nf3 e4 13.Ng5 c5 14.Ngxe4 Bc6 15.Qe2 O-O
16.Ng3 Qc7 17.Re1 Rad8 18.Be3 Rd7 19.Rad1 Rfd8 20.Rxd7 Rxd7 21.f3 h6 22.Qf2 Qa5
23.Rc1 Rd3 24.Qe2 Rd8 25.Bg1 Qb4 26.b3 Nd7 27.Nge4 Ne5 28.Nf2 Qb8 29.Re1 Ng6
30.Nd3 Nf4 31.Nxf4 Qxf4 32.Rd1 Rxd1 33.Nxd1 Qc1 34.Be3 Qa1 35.Kg1 a5 36.Qc2 f5
37.Bd2 Qd4+ 38.Be3 Qe5 39.Qc3 Qd6 40.Qd2 Qc7 41.Bf4 e5 42.Be3 e4 43.Nc3 exf3
44.Nd5 Qe5 45.gxf3  0-1